<?xml version="1.0" encoding="UTF-8"?><?xml-stylesheet type="text/xsl" href="static/style.xsl"?><OAI-PMH xmlns="http://www.openarchives.org/OAI/2.0/" xmlns:xsi="http://www.w3.org/2001/XMLSchema-instance" xsi:schemaLocation="http://www.openarchives.org/OAI/2.0/ http://www.openarchives.org/OAI/2.0/OAI-PMH.xsd"><responseDate>2026-06-06T19:09:44Z</responseDate><request verb="GetRecord" identifier="oai:riuma.uma.es:10630/33251" metadataPrefix="marc">https://riuma.uma.es/rest/oai/request</request><GetRecord><record><header><identifier>oai:riuma.uma.es:10630/33251</identifier><datestamp>2026-02-03T11:13:10Z</datestamp><setSpec>com_10630_2254</setSpec><setSpec>col_10630_37953</setSpec></header><metadata><record xmlns="http://www.loc.gov/MARC21/slim" xmlns:dcterms="http://purl.org/dc/terms/" xmlns:doc="http://www.lyncode.com/xoai" xmlns:xsi="http://www.w3.org/2001/XMLSchema-instance" xsi:schemaLocation="http://www.loc.gov/MARC21/slim http://www.loc.gov/standards/marcxml/schema/MARC21slim.xsd">
   <leader>00925njm 22002777a 4500</leader>
   <datafield ind2=" " ind1=" " tag="042">
      <subfield code="a">dc</subfield>
   </datafield>
   <datafield ind2=" " ind1=" " tag="720">
      <subfield code="a">Ruiz-Sánchez, Antonio Jesús</subfield>
      <subfield code="e">author</subfield>
   </datafield>
   <datafield ind2=" " ind1=" " tag="720">
      <subfield code="a">Mesa-Antúnez, Pablo</subfield>
      <subfield code="e">author</subfield>
   </datafield>
   <datafield ind2=" " ind1=" " tag="720">
      <subfield code="a">Barbero, Nekane</subfield>
      <subfield code="e">author</subfield>
   </datafield>
   <datafield ind2=" " ind1=" " tag="720">
      <subfield code="a">Collado-Martín, Daniel</subfield>
      <subfield code="e">author</subfield>
   </datafield>
   <datafield ind2=" " ind1=" " tag="720">
      <subfield code="a">Vida-Pol, Yolanda</subfield>
      <subfield code="e">author</subfield>
   </datafield>
   <datafield ind2=" " ind1=" " tag="720">
      <subfield code="a">Nájera-Albendín, Francisco</subfield>
      <subfield code="e">author</subfield>
   </datafield>
   <datafield ind2=" " ind1=" " tag="720">
      <subfield code="a">Pérez-de-Inestrosa-Villatoro, Ezequiel</subfield>
      <subfield code="e">author</subfield>
   </datafield>
   <datafield ind2=" " ind1=" " tag="260">
      <subfield code="c">2015-03-09</subfield>
   </datafield>
   <datafield ind2=" " ind1=" " tag="520">
      <subfield code="a">Over recent years the importance of dendrimers has continued to increase in both life and material sciences. Multiple chemical strategies have been described toward the preparation of dendrimeric structures. Here, we present a new approach for the production of all-aliphatic polyamide dendrimers. In our approach, iterative 3,3′-diaminopivalic acid connections act as building blocks for dendrimer construction. 3,3′-Diazidopivalic acid units underpin a two-step pathway involving carboxylic acid–amine condensation, followed by azide reduction. The carboxylic acid–amine condensation step can be carried out by conventional methods, while the hydrogen-catalyzed azide-to-amine reduction is a clean process particularly appropriate for dendrimer preparation. Spectroscopic characterization of functionalized surface azides (Gn-N3) and amines (Gn-NH2) confirm the proposed structures. These dendrimers were studied in explicit solvent by atomistic forcefield-based molecular dynamics to characterize structural properties such as shape, radius and monomer distribution. Our results show that these compounds are similar in size and shape, with Gn-NH2 having a slightly bigger size and exhibiting lower terminal unit backfolding.</subfield>
   </datafield>
   <datafield ind1="8" ind2=" " tag="024">
      <subfield code="a">Ruiz-Sanchez, A. J., Mesa-Antunez, P., Barbero, N., Collado, D., Vida, Y., Najera, F., &amp; Perez-Inestrosa, E. (2015). Synthesis of all-aliphatic polyamide dendrimers based on a 3,3′-diaminopivalic acid scaffold. Polymer Chemistry, 6(16), 3031–3038.</subfield>
   </datafield>
   <datafield ind1="8" ind2=" " tag="024">
      <subfield code="a">1759-9954</subfield>
   </datafield>
   <datafield ind1="8" ind2=" " tag="024">
      <subfield code="a">https://hdl.handle.net/10630/33251</subfield>
   </datafield>
   <datafield ind1="8" ind2=" " tag="024">
      <subfield code="a">10.1039/C5PY00154D</subfield>
   </datafield>
   <datafield tag="653" ind2=" " ind1=" ">
      <subfield code="a">Dendrímeros</subfield>
   </datafield>
   <datafield tag="653" ind2=" " ind1=" ">
      <subfield code="a">Poliamidas</subfield>
   </datafield>
   <datafield ind2="0" ind1="0" tag="245">
      <subfield code="a">Synthesis of all-aliphatic polyamide dendrimers based on a 3,3′-diaminopivalic acid scaffold.</subfield>
   </datafield>
</record>
</metadata></record></GetRecord></OAI-PMH>